00425nam a2200133 a 450000100100000000500170001000800410002704000250006808200090009310000210010224500890012326000590021230000200027100001752720200929165136.0100326s1993 xxu 000 0 spa d aDO-SdBNPbspacBNPHU axxxx1 aSoriano, Félix10aThe way dominicans speak colloquially :b(...And something else) /cFélix Soriano. aBronx, Estados Unidos :bExpress Printing Plus,c1993. a65 p. ;c22 cm.